000 00544nam a22001937a 4500
999 _c7624
_d7624
003 OSt
005 20220119131016.0
008 220119b ||||| |||| 00| 0 eng d
020 _a0471735485
040 _cDDC
082 _a620.11297 ROS 1966
100 _aRose, Robert M: Lawrence A. Shepard: John, Wulff
_915587
245 _aElectronic properties.
260 _aNew York:
_bJohn. Wiley;
_c1966,
300 _ax, 306 p.:
_billus;
_c22 cm
504 _aIncludes bibliographies
650 _aMatter -- Properties.
_915588
942 _2ddc
_cBOOK